El Presupuesto de la comunidad europea

Shranjeno v:
Bibliografske podrobnosti
Korporativna značnica: Comunidad Europea
Format: Texto
Izdano: s.l: CE
Oznake: Označite
Brez oznak, prvi označite!

MARC

LEADER 00000 a a2200000 04500
001 23079
003
040
020 |a 92-825-5615-8  
090 |a 159200  
110 |a Comunidad Europea  
245 |a El Presupuesto de la comunidad europea  
260 |a s.l:   |b CE  
300 |a 72 p   |b **no definido**   |b il.   |b fonodiscos  
999 |c 5856  |d 5856